000 12649nam a22007577a 4500
005 20120323121027.0
010 _aB-455383-427
020 _c50.00
_a9788173093326
035 _a B-455383-427
037 _bआर.बी.सी.
037 _bरिसर्चो बुक सैंटर
082 1 4 _a320.954
100 1 _aमुखर्जी, राधा कुमुद
_944287
245 1 _aभारत की मूलभूत एकता /
_cराधा कुमुद मुखर्जी; विपिन कुमार द्वारा अनुदित
246 _aBapu
_bby Ghanshyam Das Birla
260 _aनई दिल्ली
_bसस्ता साहित्य मण्डल
_c2010
270 _aएन-77, पहली मंजिल,कनॉट सर्कस
_bनई दिल्ली
_e110001
_k23310505, 41523565
300 _a136पृ
_c18सेमी (अजिल्द)
942 _adpl
_cHN
_2ddc
_h320.954
_mमुखर्जी
999 _c64286
_d64286